من نثر الدر للوزير الكاتب ابي سعد منصور بن الحسين الآبي / (رقم التسجيلة. 92203)

تفاصيل مارك
000 -LEADER
fixed length control field 00669nam a22001817a 4500
005 - DATE AND TIME OF LATEST TRANSACTION
control field 20251108172931.0
008 - FIXED-LENGTH DATA ELEMENTS--GENERAL INFORMATION
fixed length control field 250721s1997 xx 000 0 ara d
082 14 - DEWEY DECIMAL CLASSIFICATION NUMBER
Classification number 818.02/آبي
100 1# - MAIN ENTRY--PERSONAL NAME
Personal name الآبي، أبو سعد منصور بن الحسين
245 10 - TITLE STATEMENT
Title من نثر الدر للوزير الكاتب ابي سعد منصور بن الحسين الآبي /
264 1# - PRODUCTION, PUBLICATION, DISTRIBUTION, MANUFACTURE, AND COPYRIGHT NOTICE
Place of production, publication, distribution, manufacture دمشق :
Name of producer, publisher, distributor, manufacturer مكتبة الأسد،
Date of production, publication, distribution, manufacture, or copyright notice 1997.
300 ## - PHYSICAL DESCRIPTION
Extent 334 ص.
490 0# - SERIES STATEMENT
Series statement المختار من التراث العربي
Volume/sequential designation 74
500 ## - GENERAL NOTE
General note رقم تزويد مركز الحسين (29294)
650 17 - SUBJECT ADDED ENTRY--TOPICAL TERM
Topical term or geographic name as entry element المتنوعات الأدبية
942 ## - ADDED ENTRY ELEMENTS (KOHA)
Source of classification or shelving scheme Dewey Decimal Classification
Koha item type كتب
المقتنيات
حالة السحب حالة الفقدان مصدر التصنيف حالة التلف غير قابل للإعارة المكتبة الرئيسية المكتبة الحالية موقع الرف تاريخ التزويد الرقم المتسلسل Total Checkouts رقم الإستدعاء الباركود تاريخ آخر ظهور تاريخ الفاتورة نوع المادة (كوها)
    Dewey Decimal Classification     المكتبة المركزية المكتبة المركزية الإعارة 28/07/2025 618715   818.02/آبي 618715 28/07/2025 28/07/2025 كتب
    Dewey Decimal Classification     المكتبة المركزية المكتبة المركزية الإعارة 28/07/2025 618717   818.02/آبي 618717 28/07/2025 28/07/2025 كتب
    Dewey Decimal Classification     المكتبة المركزية المكتبة المركزية الإعارة 28/07/2025 618716   818.02/آبي 618716 28/07/2025 28/07/2025 كتب
    Dewey Decimal Classification     المكتبة المركزية المكتبة المركزية الإعارة 06/09/2016 1627347   818.02/آبي PLD00395261 28/07/2025 06/09/2016 كتب
    Dewey Decimal Classification     المكتبة المركزية المكتبة المركزية الإعارة 18/09/2016 1628463   818.02/آبي PLD00395527 28/07/2025 18/09/2016 كتب
    Dewey Decimal Classification     المكتبة المركزية المكتبة المركزية الإعارة 09/11/2016 1629543   818.02/آبي PLD00398432 28/07/2025 09/11/2016 كتب
Implemented & Customized by: BBB with SCIT (Smart Chains for Information Technology)

Powered by Koha